Simbi Nyaima : (Record no. 207294)
[ view plain ]
| 000 -LEADER | |
|---|---|
| fixed length control field | 00602nam a2200181Ia 4500 |
| 003 - CONTROL NUMBER IDENTIFIER | |
| control field | OSt |
| 005 - DATE AND TIME OF LATEST TRANSACTION | |
| control field | 20260425133951.0 |
| 008 - FIXED-LENGTH DATA ELEMENTS--GENERAL INFORMATION | |
| fixed length control field | 240806s9999||||xx |||||||||||||| ||und|| |
| 040 ## - CATALOGING SOURCE | |
| Original cataloging agency | Kenya National Library Service |
| 082 ## - DEWEY DECIMAL CLASSIFICATION NUMBER | |
| Classification number | 828.99676202 ODA |
| 100 ## - MAIN ENTRY--PERSONAL NAME | |
| Personal name | Odaga, Bole Asenath |
| 245 #0 - TITLE STATEMENT | |
| Title | Simbi Nyaima : |
| Remainder of title | a play by/ |
| Statement of responsibility, etc. | Asenath Bole Odaga. |
| 300 ## - PHYSICAL DESCRIPTION | |
| Extent | 30 pages ; |
| Dimensions | 22 cm |
| 650 ## - SUBJECT ADDED ENTRY--TOPICAL TERM | |
| Topical term or geographic name entry element | English literature-a play |
| 942 ## - ADDED ENTRY ELEMENTS (KOHA) | |
| Koha item type | Books |
| Source of classification or shelving scheme | Dewey Decimal Classification |
| Classification part | 828.99676202 ODA |
| Withdrawn status | Source of classification or shelving scheme | Damaged status | Not for loan | Collection | Home library | Current library | Shelving location | Date acquired | Cost, normal purchase price | Inventory number | Total checkouts | Full call number | Barcode | Date last seen | Price effective from | Koha item type | Public note |
|---|---|---|---|---|---|---|---|---|---|---|---|---|---|---|---|---|---|
| Dewey Decimal Classification | Not for loan | Kenyana | Preservation, Conservation & Publication | Preservation, Conservation & Publication | 06/14/2008 | 200.00 | 582.-82 | 828.99676202 ODA | KNLS181907 | 07/01/2025 | 02/19/2024 | Books | Not for Loan | ||||
| Dewey Decimal Classification | Not for loan | Kenyana | Preservation, Conservation & Publication | Preservation, Conservation & Publication | 06/14/2008 | 200.00 | 582.-82 | 828.99676202 ODA | KNLS170742 | 07/01/2025 | 02/19/2024 | Books | Not for Loan | ||||
| Dewey Decimal Classification | Not for loan | Kenyana | Preservation, Conservation & Publication | Preservation, Conservation & Publication | 06/14/2008 | 200.00 | 582.-82 | 828.99676202 ODA | KNLS056752 | 07/01/2025 | 02/19/2024 | Books | Not for Loan |
